000 00354cam a2200133ua 4500
041 _ahin
_h
082 _a891.54
_bSHA/GR
100 _aSharat Chandra, Chattopadyaya.
245 _aGruh daah /
_cSharat Chandra Chatopadhyay.
_hTextual Documents
260 _aLucknow :
_bHindi Sahithya Bhandar.
300 _a304 ; .
942 _cBK
999 _c8276
_d8276